Exekutívne informačné systémy a výkonnosť podnikov

Gespeichert in:
Bibliographische Detailangaben
1. Verfasser: Toropilová, Michaela, 1979-
Format: Buchkapitel
Sprache:Slowakisch
Tags: Tag hinzufügen
Keine Tags, Fügen Sie das erste Tag hinzu!

MARC

LEADER 00000naa$a2200000$$$4500
001 0060584
005 20240502071654.3
041 0 |a slo 
044 |a SK 
245 1 0 |a Exekutívne informačné systémy a výkonnosť podnikov  |c Michaela Toropilová 
100 1 |a Toropilová, Michaela, 1979-